Case news (Record no. 104706)

MARC details
000 -LEADER
fixed length control field 01047cab a2200205 4500
001 - CONTROL NUMBER
control field ##L131303
008 - FIXED-LENGTH DATA ELEMENTS--GENERAL INFORMATION
fixed length control field 050727n2005 000 0 eng u
035 ## - SYSTEM CONTROL NUMBER
System control number (Sirsi) u131303
041 0# - LANGUAGE CODE
Language code of text/sound track or separate title eng
100 1# - MAIN ENTRY--PERSONAL NAME
Personal name Ross, Jonathan
245 00 - TITLE STATEMENT
Title Case news
Remainder of title Patrick O'Gara v Paul John Construction (Leicester) Ltd
260 ## - PUBLICATION, DISTRIBUTION, ETC.
Date of publication, distribution, etc. 2005
490 #0 - SERIES STATEMENT
Series statement Property Week
Volume/sequential designation 70(40) 7 October 2005, 72(1)
520 ## - SUMMARY, ETC.
Summary, etc. Considers the above case (QBD, unreported) concerning an accident where the claimant suffered injuries after the dumper truck he was operating toppled over a ramp and injured him. O claimed that the ramp was unsafe, and an expert confirmed this. "Held": the court agreed and awarded damages. P was consider to be in breach of statutory duty under the Construction (Health, Safety and Welfare) Regulations 1996 Reg 5(2).
590 ## - LOCAL NOTE (RLIN)
Local note IKA251005
650 24 - SUBJECT ADDED ENTRY--TOPICAL TERM
Topical term or geographic name entry element CONSTRUCTION (HEALTH, SAFETY AND WELFARE) REGULATIONS 1996 REG 5(2)
650 24 - SUBJECT ADDED ENTRY--TOPICAL TERM
Topical term or geographic name entry element O'GARA V PAUL JOHN CONSTRUCTION (LEICESTER) LTD
690 ## - LOCAL SUBJECT ADDED ENTRY--TOPICAL TERM (OCLC, RLIN)
Topical term or geographic name as entry element Health and safety
9 (RLIN) 6244
942 ## - ADDED ENTRY ELEMENTS (KOHA)
Suppress in OPAC 0
Holdings
Withdrawn status Lost status Source of classification or shelving scheme Damaged status Not for loan Home library Current library Shelving location Date acquired Total Checkouts Full call number Barcode Date last seen Copy number Price effective from Koha item type
    Dewey Decimal Classification     London London Journal article 18/10/2005   L131303 131303-1001 06/08/2019 1 06/08/2019 Journal article